IT Service management : (Record no. 59454)

MARC details
000 -LEADER
fixed length control field 00815nam a22002297a 4500
005 - DATE AND TIME OF LATEST TRANSACTION
control field 20130319173103.0
010 ## - LCCN (DPL NO)
LC control number ENG-104341
020 ## - INTERNATIONAL STANDARD BOOK NUMBER
International Standard Book Number 9788120344846
Terms of availability 495.00
035 ## - SYSTEM CONTROL NUMBER
System control number EN -87874
035 ## - SYSTEM CONTROL NUMBER
System control number B-491275-277
037 ## - SOURCE OF ACQUISITION
Source of stock number/acquisition DBAD/PUB
037 ## - SOURCE OF ACQUISITION
Source of stock number/acquisition Mallika Books/Ven
082 ## - DEWEY DECIMAL CLASSIFICATION NUMBER
Classification number 658.4038
100 ## - MAIN ENTRY--PERSONAL NAME
Personal name Kelkar, S.A.
245 ## - TITLE STATEMENT
Title IT Service management :
Statement of responsibility, etc by S.A.Kelkar
Remainder of title a concise study /
260 ## - PUBLICATION, DISTRIBUTION, ETC. (IMPRINT)
Place of publication, distribution, etc New Delhi
Name of publisher, distributor, etc PHI Learning
Date of publication, distribution, etc 2012
270 ## - ADDRESS
Address M-97, Connaught Circus
City New Delhi
Postal code 110001
300 ## - PHYSICAL DESCRIPTION
Extent x,578p.
Dimensions 24cm (pbk)
500 ## - GENERAL NOTE
General note Includes bibliographical references
942 ## - ADDED ENTRY ELEMENTS (KOHA)
Source of classification or shelving scheme Dewey Decimal Classification
Item type English Books
Call number suffix KEL
Classification part 658.4038
Holdings
Withdrawn status Lost status Not for loan Collection code Home library Current library Date acquired Source of acquisition Cost, normal purchase price Full call number Barcode Copy number Cost, replacement price Koha item type
      Non-fiction Central Library Central Library 19/03/2013 Mallika Books/68/10.01.2013/23/18.12.2012/18.01.2013 495.00 658.4038 KEL B-491275 1 495.00 English Books
    Not For Loan Non-fiction D.B.Act.Division D.B.Act.Division 14/12/2011 DBAD/PUB 495.00 658.4038 KEL EN -87874 1 495.00 English Books
      Non-fiction Sarojini Nagar Sarojini Nagar 19/03/2013 Mallika Books/68/10.01.2013/23/18.12.2012/18.01.2013 495.00 658.4038 KEL B-491276 1 495.00 English Books
      Non-fiction Vinoba Puri Vinoba Puri 19/03/2013 Mallika Books/68/10.01.2013/23/18.12.2012/18.01.2013 495.00 658.4038 KEL B-491277 1 495.00 English Books

© Delhi Public Library
Hit Counter
free hit counter